000 01851nam a2200133Ia 4500
008 220620s9999||||xx |||||||||||||| ||und||
020 _a9783040000000
245 0 _aVarious Aspects of Silicon Polymer Chemistry
_bA Themed Issue in Honor of Professor Julian Chojnowski on the Occasion of His 85th Birthday
546 _aEnglish[eng]
650 _aspherosilicate||limonene||hydrosilylation||polylactide||3D printing||FDM||FFF||injection moulding||rheology||thermal analysis||anticancer conjugates||polyhedral oligomeric silsesquioxanes||anthracyclines||silicone elastomers||stability||network structure||condensation curing||reinforcing cross-linker domains||coatings||silicone polymers||Piers–Chojnowski–Rubinsztajn–Kawakami reaction||chain extension by Si-H hydrolysis||siloxane metathesis||D3 synthesis||N-alkyl phosphoranimines||polyphosphazenes||phosphoramidate esters||fluoride||trifluoroethoxide||N-methylimidazole initiators||anionic||chain-capping agents||polyhedral oligomeric silsesquioxane (SQs)||click chemistry||CuAAC||coordination compounds||bidentate ligand||functionalized polysiloxanes||hydrophobic||antimicrobial properties||THEOS||MeTHEOS||chitosan||stone conservation||siliceous and calcareous stones||hybrid polymers||ring-opening polymerization||contact lenses||breathable films||membranes||high elongation elastomers||biomimetic polymers||photoresists||polylithium initiator||multiarm stars||anionic polymerization of hexamethylcyclotrisiloxane||carbosilane dendrimers||rigid polyurethane foams||POSS-Cl||flame retardants||porous composite||mechanical properties||hydrophobicity||Piers-Rubinsztajn catalyst||surfactant-free polymerization||polydimethylsiloxane
700 _aRubinsztajn, Sławomir||Cypryk, Marek||Stanczyk, Wlodzimierz
856 _uhttps://mdpi.com/books/pdfview/book/4811
942 _cEB
999 _c34903
_d34903